ნორმალური ფორმატი
MARC ფორმატი
ჩანაწერი Personal Name
ჩანაწერთა რაოდენობა, რომელიც გამოყენებულია: 2
001 - CONTROL NUMBER
- control field: 23116
003 - CONTROL NUMBER IDENTIFIER
- control field: GE_BSU
005 - DATE AND TIME OF LATEST TRANSACTION
- control field: 20240826114641.0
008 - FIXED-LENGTH DATA ELEMENTS
- fixed length control field: 240826|| aca||aabn | a|a d
040 ## - CATALOGING SOURCE
- Original cataloging agency: GE_BSU
- Transcribing agency: GE_BSU
100 ## - HEADING--PERSONAL NAME
- Personal name: Morrison, Alastair M.
670 ## - SOURCE DATA FOUND
- Source citation: Work cat.: (GE_BSU)45729: Morrison, Alastair M., Marketing and Managing Tourism Destinations /
